• 首页
  • 本馆介绍
  • 公告通知
  • 最新文献
  • 馆藏检索
  • 电子资源
  • 读者导购
  • 参考咨询
  • 我的图书馆
  • 登录
  • 详细信息显示
  • 放入我的书架
  • 预约/预借图书
  • 作者相关作品
  • 分类相关作品
  • 丛书相关作品
  • 出版社相关作品

书目信息

  • 表格格式
  • 工作单格式
  • 卡片格式
题名:
校长办学思想与领导力提升策略研究
    
 
作者: 鲁宏飞 , 苏伟栋 编著
分册:  
出版信息: 长春   东北师范大学出版社  2012.3
页数: 274页
开本: 26cm
丛书名:
单 册:
中图分类: G471.2
科图分类:
主题词: 校长--学校管理--研究
电子资源:
ISBN: 978-7-5602-7905-3
000 00756nam0 22002291 450
001 13
005 20180519092222.84
010    @a978-7-5602-7905-3@dCNY28.00
100    @a20120326d2012 em y0chiy0110 ea
101 0  @achi
102    @aCN@b220000
105    @ay z 000yy
200 1  @a校长办学思想与领导力提升策略研究@9xiao zhang ban xue si xiang yu ling dao li ti sheng ce lue yan jiu@f鲁宏飞,苏伟栋编著
210    @a长春@c东北师范大学出版社@d2012.3
215    @a274页@d26cm
330    @a本书为办学思想的发展历史及其规律,办学思想的重要定义等内容。
606 0  @a校长@x学校管理@x研究
690    @aG471.2@v4
701  0 @a鲁宏飞@9lu hong fei@4编著
701  0 @a苏伟栋@9su wei dong@4编著
801  0 @aCN@b91采访@c20120326
905    @aMuseLib@dG471.2@e119
    
    校长办学思想与领导力提升策略研究/鲁宏飞,苏伟栋编著.-长春:东北师范大学出版社,2012.3
    274页;26cm
    
    
    ISBN 978-7-5602-7905-3:CNY28.00
    本书为办学思想的发展历史及其规律,办学思想的重要定义等内容。
●
相关链接 在E读中查询图书 在五车中查询图书 在当当中查询图书 在豆瓣中查询图书


正题名:校长办学思想与领导力提升策略研究     索取号:G471.2/119         预约/预借

序号 登录号 条形码 馆藏地/架位号 状态 备注
1 1100040   211000405   第一样本阅览室/ [索取号:G471.2/119] 在馆    
2 1100041   211000414   教育系资料室/ [索取号:G471.2/119] 在馆    
3 1100042   211000423   教育系资料室/ [索取号:G471.2/119] 在馆    
4 1100043   211000432   教育系资料室/ [索取号:G471.2/119] 在馆    
5 1100044   211000441   第四借阅区/ [索取号:G471.2/119] 在馆    
6 1100045   211000450   第四借阅区/ [索取号:G471.2/119] 在馆    
唐山师范学院图书馆 欢迎您!
大连网信软件有限公司© 版权所有